| 000 | 01045nam a2200217 i 4500 | ||
|---|---|---|---|
| 001 | 182587 | ||
| 003 | ES-MaACL | ||
| 005 | 20240514173352.0 | ||
| 008 | 130930s1865 sp a | |||||||| | spa d | ||
| 080 | _a94(460.111) | ||
| 100 | 0 |
_aFulgosio, Fernando. _952994 |
|
| 245 | 1 | 0 |
_aCrónica de la provincia de La Coruña / _cpor Fernando Fulgosio. |
| 260 |
_aMadrid : _bAquiles Ronchi, _c1865. |
||
| 300 |
_a128 p., [7] h. de lám., [1] h. de mapas : _bil. ; _c32 cm. |
||
| 490 | 1 | _aCrónica general de España, o sea historia ilustrada y descriptiva de sus provincias, sus poblaciones más importantes de la península y de ultramar | |
| 651 | 4 |
_aLa Coruña (Provincia)- _xDescripción. _9149977 |
|
| 651 | 4 |
_aLa Coruña (Provincia)- _xHistoria. _9153496 |
|
| 830 | 0 |
_aCrónica general de España, o sea Historia ilustrada y descriptiva de sus provincias, sus poblaciones más importantes de la península y posesiones de Ultramar _9224862 |
|
| 852 |
_aES-MaACL _jC-1584(1) _z.- Encuadernado con otras obras |
||
| 999 |
_c182587 _d182587 |
||